Lifting the veil : British society in Egypt, 1768-1956 /

محفوظ في:

المؤلف الرئيسي: Sattin, Anthony (مؤلف)

التنسيق: كتاب

اللغة: English

منشور في: London : J.M. Dent, 1988.

الموضوعات:

الوسوم: إضافة وسم

لا توجد وسوم, كن أول من يضع وسما على هذه التسجيلة!

رقم الطلب: DT53 .S28 1988

LEADER 00922namaa2200289 4500
001 18930
003 OSt
005 20260326103930.0
008 130303s1988 enkabf b 001 0 eng d
010 |a 89139749 
020 |a 0460047507 
040 |c ARCE Library 
043 |a f-ua---  |a e-uk--- 
050 4 |a DT53 .S28 1988 
100 1 |a Sattin, Anthony,  |e author 
245 1 0 |a Lifting the veil :  |b British society in Egypt, 1768-1956 /  |c Anthony Sattin. 
264 1 |a London :   |b J.M. Dent,   |c 1988. 
300 |a xiv, 289 pages, [24] pages of plates :   |b illustrations, maps ;   |c 24 cm. 
504 |a Includes bibliographical references (pages 281-284) and index. 
650 0 |a Travelers  |z Egypt  |x History. 
650 0 |a Explorers  |z Egypt  |x History. 
651 0 |a Egypt  |x Description and travel. 
651 0 |a British  |z Egypt  |x History. 
651 0 |a Egypt  |x History  |y 1798- 
901 |a reviewed 
942 |c BK  |2 lcc 
999 |c 15983  |d 15983